[Event "Buenos Aires Coronel Suarez U2200 2nd"]
[Site "Buenos Aires"]
[Date "2017.04.30"]
[Round "5.2"]
[White "Sapienza, Julian"]
[Black "Spata, Ruben"]
[Result "1/2-1/2"]
[WhiteElo "2095"]
[BlackElo "1851"]
[PlyCount "119"]
[EventDate "2017.04.29"]
[EventType "swiss"]
[EventRounds "7"]
[EventCountry "ARG"]
[SourceTitle "EXT 2024"]
[Source "ChessBase"]
[SourceDate "2023.10.10"]
[SourceVersion "1"]
[SourceVersionDate "2023.10.10"]
[SourceQuality "1"]

1. e4 e6 2. d4 c5 3. Nf3 cxd4 4. Nxd4 Nf6 5. Nc3 d6 6. Bg5 a6 7. f4 Be7 8. Qf3 Nc6 9. 0-0-0 Qb6 10. Nb3 Qc7 11. Kb1 b5 12. e5 dxe5 13. fxe5 Nd7 14. Bxe7 Kxe7 15. Bd3 Bb7 16. Rhe1 Rac8 17. Qg3 Ncxe5 18. Be4 Bxe4 19. Rxe4 Kf8 20. a3 Nc4 21. Qxc7 Rxc7 22. Nd4 Nc5 23. Ree1 Rc8 24. Ne4 Nxe4 25. Rxe4 g6 26. Ka2 Kg7 27. b3 Nb6 28. Kb2 Rhd8 29. Rd3 Rd5 30. Rde3 e5 31. Nf3 f6 32. g4 h6 33. h4 Nd7 34. Rc3 Rdc5 35. Rxc5 Nxc5 36. Re3 Kf7 37. Rc3 Rc7 38. g5 e4 39. Nd2 f5 40. gxh6 Ne6 41. Rg3 Rd7 42. h7 Rd8 43. a4 Rh8 44. axb5 axb5 45. Nb1 b4 46. c3 f4 47. Rg1 e3 48. cxb4 Rxh7 49. Nc3 Rxh4 50. Kc2 Rh2+ 51. Kd3 g5 52. Ne4 e2 53. b5 f3 54. Ke3 g4 55. b6 Nd8 56. Ng5+ Ke7 57. Nxf3 gxf3 58. Kxf3 Rh3+ 59. Kxe2 Rxb3 60. Rg7+ 1/2-1/2